| 000 | 01041cad a22002415a 4500 | ||
|---|---|---|---|
| 001 | E154889 | ||
| 008 | 120130s2012 xxk f s000 0 eng d | ||
| 020 | _a9781780456454 | ||
| 035 | _a(Sirsi) u154889 | ||
| 041 | 0 | _aeng | |
| 110 | 2 |
_aScotland _bScottish Government _95344 |
|
| 245 | 0 | 0 |
_aConsultation on proposed amendments to The Marine Licensing (Fees) (Scotland) Regulations 2011 _h[electronic resource] |
| 260 |
_aEdinburgh _bScottish Government _c2012 |
||
| 520 | _aSeeks views on increases in fees for applications for marine licences for offshore renewable energy projects, including wave, wind and tidal. Deadline for comments is 16 April 2012. | ||
| 590 | _aKA | ||
| 650 | 2 | 4 | _aMARINE (SCOTLAND) ACT 2010 |
| 650 | 2 | 4 | _aMARINE AND COASTAL ACCESS ACT 2009 |
| 650 | 2 | 4 | _aMARINE LICENSING (FEES) (SCOTLAND) REGULATIONS 2011 |
| 651 | 4 |
_aScotland _y1999- |
|
| 690 |
_aEnergy _96237 |
||
| 856 | 4 | 0 |
_uhttps://www.scotland.gov.uk/Resource/0038/00386383.pdf _zView the consultation free of charge at www.scotland.gov.uk |
| 942 | _n0 | ||
| 999 |
_c113217 _d113217 |
||